University Home | Library Home | Institutional Repository

The good food of Szechwan : (Record no. 165219)

MARC details
000 -LEADER
fixed length control field 00772cam1a220024100 4500
001 - CONTROL NUMBER
control field qce00956569
005 - DATE AND TIME OF LATEST TRANSACTION
control field 20190826103023.0
008 - FIXED-LENGTH DATA ELEMENTS--GENERAL INFORMATION
fixed length control field 851003s1974 ja ab 001 0 eng
010 ## - LIBRARY OF CONGRESS CONTROL NUMBER
LC control number 74077960
020 ## - INTERNATIONAL STANDARD BOOK NUMBER
International Standard Book Number 0870112317
035 ## - SYSTEM CONTROL NUMBER
System control number (Sirsi) r61978
035 ## - SYSTEM CONTROL NUMBER
System control number (QCAT)lss04827089
035 ## - SYSTEM CONTROL NUMBER
System control number (UPRA)qce00956569
040 ## - CATALOGING SOURCE
Modifying agency UPRA
100 1# - MAIN ENTRY--PERSONAL NAME
Personal name Delfs, Robert A.
Linkage A21611.1
245 14 - TITLE STATEMENT
Title The good food of Szechwan :
Remainder of title down-to-earth Chinese cooking /
Statement of responsibility, etc. Robert A. Delfs ; photography by Keizo Kaneko.
250 ## - EDITION STATEMENT
Edition statement 1st ed.
260 ## - PUBLICATION, DISTRIBUTION, ETC.
Place of publication, distribution, etc. Tokyo ; New York :
-- Tokyo ; New York :
Name of publisher, distributor, etc. Kodansha International,
Date of publication, distribution, etc. 1974.
500 ## - GENERAL NOTE
General note Includes index.
650 #0 - SUBJECT ADDED ENTRY--TOPICAL TERM
Topical term or geographic name entry element Cookery, Chinese.
Linkage S15133.1
949 ## - LOCAL PROCESSING INFORMATION (OCLC)
a TX724.505
w lcc
i -81686
m MAIN
t BOOK
l ON-SHELF

No items available.

© 2026 - The University of Zambia Library - Koha v25.11